Nitty gritty grammar

Salvato in:
Dettagli Bibliografici
Autore principale: A ROBERT YOUNG
Natura: Libro
Lingua:Undetermined
Pubblicazione: Cambridge 1998
Tags: Aggiungi Tag
Nessun Tag, puoi essere il primo ad aggiungerne! !
Thư viện lưu trữ: Trung tâm Học liệu Trường Đại học Cần Thơ
LEADER 00386nam a2200145Ia 4500
001 CTU_49260
008 210402s9999 xx 000 0 und d
082 |a 425 
082 |b Y68 
100 |a A ROBERT YOUNG 
245 0 |a Nitty gritty grammar 
245 2 |c A ROBERT YOUNG, Ann O. Strauch 
260 |b Cambridge 
260 |c 1998 
980 |a Trung tâm Học liệu Trường Đại học Cần Thơ